Power in the highest degree: professionals and the rise of a new mandarin order (Record no. 343878)

000 -LEADER
fixed length control field 00491cam a22001457a 4500
008 - FIXED-LENGTH DATA ELEMENTS--GENERAL INFORMATION
fixed length control field 180718b1990 xxu||||| |||| 00| 0 eng d
082 ## - DEWEY DECIMAL CLASSIFICATION NUMBER
Classification number R2 D444
100 ## - MAIN ENTRY--PERSONAL NAME
Personal name Derber, Charles
245 ## - TITLE STATEMENT
Title Power in the highest degree: professionals and the rise of a new mandarin order
Statement of responsibility, etc. by Charles Derber, William A. Schwartz and Yale Magrass
260 ## - PUBLICATION, DISTRIBUTION, ETC.
Place of publication, distribution, etc. New York
Name of publisher, distributor, etc. Oxford University Press
Date of publication, distribution, etc. 1990
300 ## - PHYSICAL DESCRIPTION
Extent 275p.
650 ## - SUBJECT ADDED ENTRY--TOPICAL TERM
Topical term or geographic name entry element Occupations
700 ## - ADDED ENTRY--PERSONAL NAME
Personal name Magrass, Yale
700 ## - ADDED ENTRY--PERSONAL NAME
Personal name Schwartz, William A.
Holdings
Withdrawn status Lost status Damaged status Not for loan Permanent Location Current Location Date acquired Full call number Barcode Date last seen Price effective from Koha item type
        Indian Institute of Public Administration Indian Institute of Public Administration 1993-09-30 R2 D444 66067 2018-07-21 2018-07-21 Book

Powered by Koha